000 00626nam a2200241Ia 4500
003 OSt
005 20220918172654.0
006 a|||||r|||| 00| 0
007 ta
008 220917b |||||||| |||| 00| 0 eng d
024 _a2,102
037 _cTextual
040 _aARTS
_cARTS
_beng
041 _2eng
_aeng
082 _aND,9(Q23), L6
100 _aSharma Brijendra Nath
_95802
245 0 _aIconography of Sadasiva
260 _aNew Delhi
_bAbhinav
_c1976
300 _axiii, 61p.
_ccm.
650 _aARTS
942 _hND,9(Q23), L6
_cTEXL
_2CC
999 _c145078
_d145078